| 000 | 00586nam a2200229 a 4500 | ||
|---|---|---|---|
| 003 | AR-BaBNM | ||
| 005 | 20251128203416.0 | ||
| 008 | 082120s2002 ||||||||||||||000 | spa|| | ||
| 020 | _a2-85036-072-4 | ||
| 040 | _cAR-BaBNM | ||
| 245 | 0 | 0 |
_aLe Micro-Robert Poche _bdictionnaire d'apprentissage de la langue française |
| 250 | _a2ª ed. | ||
| 260 |
_aParis _bRobert _c1989 |
||
| 300 | _axxi, 1376, lxvii p. | ||
| 650 | 4 | _aFRANCES | |
| 650 | 4 | _aDICCIONARIOS | |
| 650 | 4 | _aLEXICOGRAFIA | |
| 655 | _aREFERENCIA | ||
| 700 | 1 |
_aRey, Alain _edirector |
|
| 942 | _cBK | ||
| 998 | _claura | ||
| 999 |
_c3257 _d3257 |
||